000 01050nam a22002417a 4500
003 PE SENCICO BE
005 20251020182646.0
008 231110b |||||||| |||| 00| 0 eng d
040 _aPE SENCICO BE
_cPE SENCICO BE
041 _aspa
084 _aI
_aDIB
_a2017
_bC71
100 1 _91769
_aColonio Rojas, Deyssy Lizbeth
_eautor
245 1 _aAmpliación y remodelación de un proyecto de vivienda multifamiliar /
_cDeyssy Lizbeth Colonio Rojas
260 _aLima :
_c2017
300 _a56 h. :
_bplanos, tabls. ;
_c30 cm.
502 _aMonografía de Titulación.-- Servicio Nacional de Capacitación para la Industria de la Construcción. Escuela Superior Técnica. Carrera Profesional Técnica en Dibujo en Construcción Civil, 2017.
650 1 0 _91456
_aViviendas multifamiliares
650 2 0 _9940
_aProyectos de edificaciones
650 2 0 _9476
_aNormas de construcción
710 1 _aServicio Nacional de Capacitación para la Industria de la Construcción.
_bEscuela Superior Técnica
_91065
910 _bhfp
_chfp
942 _cMON
_2ddc
999 _c4428
_d4428